Breeding objectives and breeding strategies for small ruminants in the tropics / (Record no. 6646)
[ view plain ]
| 000 -LEADER | |
|---|---|
| fixed length control field | 00812nam a22002412 4500 |
| 001 - CONTROL NUMBER | |
| control field | 0000004761 |
| 005 - DATE AND TIME OF LATEST TRANSACTION | |
| control field | 20151217151941.0 |
| 008 - FIXED-LENGTH DATA ELEMENTS--GENERAL INFORMATION | |
| fixed length control field | 070530s xx 000 0 eng d |
| 020 ## - INTERNATIONAL STANDARD BOOK NUMBER | |
| International Standard Book Number | 9058089908 : |
| 040 ## - CATALOGING SOURCE | |
| Original cataloging agency | KABU |
| Transcribing agency | KABU |
| 050 #0 - LIBRARY OF CONGRESS CALL NUMBER | |
| Classification number | SF376.2 |
| Item number | .K67 |
| 100 1# - MAIN ENTRY--PERSONAL NAME | |
| Personal name | Kosgei, Isaac Sanga. |
| -- | 0000155545 |
| 245 10 - TITLE STATEMENT | |
| Title | Breeding objectives and breeding strategies for small ruminants in the tropics / |
| Statement of responsibility, etc. | Isaac Sanga Kosgei. |
| 260 ## - PUBLICATION, DISTRIBUTION, ETC. (IMPRINT) | |
| Date of publication, distribution, etc. | 2004. |
| 300 ## - PHYSICAL DESCRIPTION | |
| Extent | 272 p. ; |
| Dimensions | 24 cm. |
| 502 ## - DISSERTATION NOTE | |
| Dissertation note | Thesis (Ph.D.) - Animal Breeding and Genetics Group, Wageningen University, 2004. |
| 650 #0 - SUBJECT ADDED ENTRY--TOPICAL TERM | |
| Topical term or geographic name as entry element | Sheep |
| General subdivision | Breeding |
| Geographic subdivision | Tropics. |
| -- | 0000155546 |
| 650 #0 - SUBJECT ADDED ENTRY--TOPICAL TERM | |
| Topical term or geographic name as entry element | Goats |
| General subdivision | Breeding |
| Geographic subdivision | Tropics. |
| -- | 0000155547 |
| 650 #0 - SUBJECT ADDED ENTRY--TOPICAL TERM | |
| Topical term or geographic name as entry element | Ruminants. |
| -- | 0000155548 |
| 908 ## - PUT COMMAND PARAMETER (RLIN) | |
| Put command parameter | 070530 |
| 950 ## - LOCAL HOLDINGS (RLIN) | |
| -- | 1 |
| Withdrawn status | Lost status | Source of classification or shelving scheme | Not for loan | Home library | Current library | Date acquired | Total Checkouts | Full call number | Barcode | Date last seen | Price effective from | Koha item type |
|---|---|---|---|---|---|---|---|---|---|---|---|---|
| Library of Congress Classification | Kabarak, Main Campus | Kabarak, Main Campus | 17/12/2015 | SF376.2 .K67 | 007152 | 17/12/2015 | 17/12/2015 | General Collection |